| 000 | 00784nam a22002297i 4500 | ||
|---|---|---|---|
| 003 | URS | ||
| 005 | 20220114152934.0 | ||
| 008 | 160315b xxu||||| |||| 00| 0 eng d | ||
| 020 | _a9789710479702 | ||
| 040 |
_erda _cURSP-College Library _beng |
||
| 050 |
_aDS675.8 _b959.9025092 Al6g 2012 |
||
| 100 | 1 | _aAlmonte, Napoleon C. | |
| 245 |
_aA green field ready for harvest: _bthe life of Jose Rizal and his leadership lessons for the 21st century. _cNapoleon G. Almonte |
||
| 264 |
_aQuezon City _bSt. Bernadette Pub. _c2012 |
||
| 300 |
_aix, 246 pages: _bcolour illustration; _c26 cm |
||
| 336 |
_atext _btxt _2rdacontent |
||
| 337 |
_aunmediated _bn _2rdamedia |
||
| 338 |
_avolume _bnc _2rdacarrier |
||
| 500 | _aIncludes bibliography | ||
| 650 | 0 | _aRizal, Jose Alonzo. | |
| 942 |
_2lcc _cF |
||
| 999 |
_c7885 _d7885 |
||